Statistics for Facts about Katy Perry

Click here to take the quiz!

General Stats

  • This quiz has been taken 5 times
  • The average score is 7 of 15

Answer Stats

QuestionAnswer% Correct
When was Katy born?1984
100%
How many siblings does she have?2
80%
What color is Katy Perry's real hair?Blonde
80%
What is Katy Perry's real full name?Katheryn Elizabeth Hudson
80%
Where was she born?Californa
60%
Why did she choose her mothers last name and not her fathers name?It sounded to much like the name to the actress.
60%
Where did Katy Perry moved to when she moved from home?Los Angeles
60%
What is her Zodiac sign?Scorpio
60%
What is Katy Perry's favorite number?9
40%
Which date was she born?October 25
40%
How old was Katy Perry when she released her first song?16
20%
When did Katy Perry moved from home?17
20%
What is Katy Perry's net worth (2023, according to celebrity net worth)400 million
20%
What is her most popular song?I kissed a girl
0%
How did Katy Perry and Russel Brand met?She threw a bottle at him.
0%

Score Distribution

Percentile by Number Answered

Percent of People with Each Score

Your Score History

You have not taken this quiz